000 00593nam a2200169Ia 4500
003 0
005 20250123113557.0
008 140724s9999 xx 000 0 und d
050 _aRT 90
_b.Ab167 2012
100 _aAburayyan, Nour P.
245 4 _aThe sensitivity of male and female nurses in caring as perceived by patients in Urban Tertiary Hospital of Muntinlupa City /
_cAburayyan, Nour P.
260 _aLas PiƱas, Philippines :
_bSouthville International School and Colleges,
_cc2012.
300 _a78 p. :
_bill. ;
_c28 cm.
521 _aNursing
942 _cTH
_2lcc
999 _c228899
_d228899